Chết! Sập bẫy rồi!

Câu chuyện về cô sinh viên khoa tiếng Anh năm cuối Tần Khanh vì trượt môn tự chọn nên phải học lại, không cam lòng, cô nàng quyết tâm đi xin xỏ thầy giáo. Nào ngờ, người cô gặp phải chính là Tống Tử Ngôn – thầy giáo trẻ, đẹp trai, giỏi g...

Cur síos iomlán

Đã lưu trong:
Sonraí Bibleagrafaíochta
Príomhúdar: King Kong Barbie
Údair Eile: Lục Hoa
Formáid: Leabhar
Teanga:Undetermined
Foilsithe: H. Văn học 2013
Ábhair:
Rochtain Ar Líne:http://lrc.tdmu.edu.vn/opac/search/detail.asp?aID=2&ID=19036
Clibeanna: Cuir Clib Leis
Gan Chlibeanna, Bí ar an gcéad duine leis an taifead seo a chlibeáil!
Thư viện lưu trữ: Trung tâm Học liệu Trường Đại học Thủ Dầu Một
LEADER 01418nam a2200217Ia 4500
001 TDMU_19036
008 210410s9999 xx 000 0 und d
082 |a 895.13 
090 |b K311 
100 |a King Kong Barbie 
245 0 |a Chết! Sập bẫy rồi! 
245 0 |c King Kong Barbie; Lục Hoa, Lucy dịch 
260 |a H. 
260 |b Văn học 
260 |c 2013 
300 |a 535tr. 
520 |a Câu chuyện về cô sinh viên khoa tiếng Anh năm cuối Tần Khanh vì trượt môn tự chọn nên phải học lại, không cam lòng, cô nàng quyết tâm đi xin xỏ thầy giáo. Nào ngờ, người cô gặp phải chính là Tống Tử Ngôn – thầy giáo trẻ, đẹp trai, giỏi giang và vô cùng khó tính. Hết cách nên Tần Khanh phải làm liều – quyết định tỏ tình với Tống Tử Ngôn. Nào ngờ, thầy Tống đồng ý, từ đây cuộc sống của Tần Khanh rơi vào những “thảm cảnh oái ăm” do Tống Tử Ngôn bày ra. 
650 |a Văn học Trung Quốc  |v Tiểu thuyết; Tiểu thuyết lãng mạng 
700 |a Lục Hoa 
856 |u http://lrc.tdmu.edu.vn/opac/search/detail.asp?aID=2&ID=19036 
980 |a Trung tâm Học liệu Trường Đại học Thủ Dầu Một